000 00391 a2200157 4500
003 NUST
005 20230215132501.0
040 _cNust
082 _a297,AHM
100 _aAhmed, Ishtiaq
_989835
245 _aSonay ka Bachra / سونے کا بچھڑا (Urdu) /
_cIshtiaq Ahmed
260 _aLahore
_bDar-us- Salam
_c2006
300 _a18 :p.
650 _aIslam
942 _2ddc
_cBK
_k297,AHM
999 _c187829
_d187829